Statistiken für Alle PDC Premier League Darts Teilnehmer 2010

Klicken Sie hier um das Quiz zu spielen!

Allgemein

  • Dieses Quiz wurde 27 mal gespielt
  • Das Durchschnittsergebnis liegt bei 6 aus 8

Antwortstatistiken

RankingLandDartsspieler% Korrekt
3EnglandJames Wade
100%
1EnglandPhil Taylor
100%
6NiederlandeRaymond van Barneveld
100%
2AustralienSimon Whitlock
95%
7EnglandAdrian Lewis
86%
8EnglandTerry Jenkins
71%
4EnglandMervyn King
48%
5EnglandRonnie Baxter
33%

Verteilung der Resultate

Perzentil nach korrekt beantworteten Fragen

Anzahl Personen mit jedem Resultat

Ihre Resultats-Entwicklung

Sie haben dieses Quiz noch nicht gespielt